| 000 | 00933nam a2200205Ia 4500 | ||
|---|---|---|---|
| 999 |
_c39624 _d39624 |
||
| 001 | 6224 | ||
| 003 | GE_BSU | ||
| 005 | 20190527143603.0 | ||
| 008 | 181216s1979||||ge |||||||||||||| ||geo|| | ||
| 040 | _cGE_BSU | ||
| 080 | _a514.18(075.8)+742.3(075.8) ვ-26 | ||
| 100 |
_aვაჩნაძე, გ _91633 |
||
| 245 |
_aგამოყენებითი პერსპექტივის საფუძვლები : სახელმძღვ. / _cგ. ვაჩნაძე ; რედ.პ.ლაბარტყავა. |
||
| 264 |
_aთბილისი : _bგანათლება, _c1966. |
||
| 300 |
_a180 გვ .: _bილ; _c21 სმ. |
||
| 653 | _aგამოყენებითი პერსპექტივის საფუძვლები | ||
| 653 | _aმათემატიკა | ||
| 700 |
_aლაბარტყავა, პ _eრედაქტორი _9523 |
||
| 942 |
_cBK _2udc |
||